| 000 | 01351nam a2200349Ia 4500 | ||
|---|---|---|---|
| 001 | ebr10595285 | ||
| 003 | CaPaEBR | ||
| 006 | m u | ||
| 007 | cr cn||||||||| | ||
| 008 | 120611s2012 ne a sb 001 0 eng d | ||
| 010 | _z 2012023014 | ||
| 020 | _z9789027256294 (alk. paper) | ||
| 020 | _z9789027273376 (eb) | ||
| 040 |
_aCaPaEBR _cCaPaEBR |
||
| 035 | _a(OCoLC)811410900 | ||
| 050 | 1 | 4 |
_aP96.L34 _bA68 2012eb |
| 082 | 0 | 4 |
_a302.23 _223 |
| 245 | 0 | 4 |
_aThe appropriation of media in everyday life _h[electronic resource] / _cedited by Ruth Ayass, Cornelia Gerhardt. |
| 260 |
_aAmsterdam ; _aPhiladelphia : _bJohn Benjamins, _c2012. |
||
| 300 |
_avi, 308 p. : _bill. |
||
| 490 | 0 |
_aPragmatics & beyond new series ; _vv. 224 |
|
| 504 | _aIncludes bibliographical references and index. | ||
| 533 |
_aElectronic reproduction. _bPalo Alto, Calif. : _cebrary, _d2011. _nAvailable via World Wide Web. _nAccess may be limited to ebrary affiliated libraries. |
||
| 650 | 0 | _aMass media and language. | |
| 650 | 0 | _aDiscourse analysis. | |
| 650 | 0 | _aConversation analysis. | |
| 655 | 7 |
_aElectronic books. _2local |
|
| 700 | 1 | _aAyass, Ruth. | |
| 700 | 1 | _aGerhardt, Cornelia. | |
| 710 | 2 | _aebrary, Inc. | |
| 856 | 4 | 0 |
_uhttp://site.ebrary.com/lib/rucke/Doc?id=10595285 _zAn electronic book accessible through the World Wide Web; click to view |
| 999 |
_c112427 _d112427 |
||